|
|
|
|
| LEADER |
00770nam a2200193 a 4500 |
| 008 |
091110s1998 ii a b 001 0 eng d |
| 020 |
|
|
|a 8121902606
|
| 082 |
0 |
0 |
|a 338.5
|2 21
|
| 100 |
1 |
|
|a Ahuja, H. L.
|
| 245 |
1 |
0 |
|a Advanced economic theory :
|b microeconomic analysis /
|c H.L. Ahuja
|
| 250 |
|
|
|a 10th rev. ed.
|
| 260 |
|
|
|a New Delhi :
|b S. Chand & Co.,
|c 1998.
|
| 300 |
|
|
|a xvi, 1052 p. :
|b ill. ;
|c 24 cm.
|
| 504 |
|
|
|a Includes bibliographical references and index.
|
| 541 |
1 |
|
|e 00011179
|
| 650 |
|
0 |
|a Microeconomics.
|
| 852 |
4 |
|
|a Ayesha Abed Library
|j General Shelf.
|
| 999 |
|
|
|c 5326
|d 5326
|
| 952 |
|
|
|0 0
|1 0
|2 ddc
|4 0
|6 338_500000000000000_AHU_1998
|7 0
|8 NFIC
|9 5188
|a BRACUL
|b BRACUL
|c GEN
|d 2009-11-10
|g 225.00
|l 3
|m 2
|o 338.5 AHU
|p 3010011179
|r 2014-10-29
|s 2014-10-22
|t 1
|v 450.00
|w 2009-11-10
|y BK
|